000 01584cam a22004094i 4500
003 PE-LiUPU
005 20250731183409.0
008 171205s2016 pe a r0 000 0 spa d
020 _a9789200285806
035 _a(Sirsi) a240294
040 _aPE-LiUPU
_bspa
_cPE-LiUPU
_erda
041 1 _aspa
_aeng
049 _aPRUA
082 0 4 _a728.31
_bA66
_223
245 0 0 _aArquitectura sin etiquetas /
_cEditor, Samuel Cádenas.
264 1 _aLima :
_bprinted by,
_c2016.
300 _a252 páginas :
_bilustraciones ;
_c29 centímetros.
336 _atext
_2rdacontent
337 _aunmediated
_2rdamedia
338 _avolume
_2rdacarrier
505 0 _aViviendas unifamiliares y temporales single family and vacation homes -- Condominios -- Multifamiliares en RDB -- Multifamiliares en laderas -- Conjuntos multifamiliares -- Vvienda económica.
526 _aP158
526 _aP146
526 _aP17
526 _aP12
526 _aP06
526 8 _iPrograma académico :
_5PE-LiUPU
541 _g003-1757;
650 1 8 _aArquitectura doméstica
_zPerú
_ySiglo XX.
650 2 8 _aArquitectura
_zPerú
_xHistoria
_ySiglo XX.
650 2 8 _aArquitectos
_zPerú
_ySiglo XX.
700 1 _aSamuel Cárdenas,
_eeditor.
910 _adbm
_bksl
_cksl
_d20171205
596 _a1
942 _2ddc
_cBOOK
999 _a728.31 A66
_wLC
_c25957
_i77390
_f2021-11-10
_g4
_lCCODEBUL1
_mBUL
_p30.89
_r0
_sY
_tBOOK
_u2017-12-5
_xINGENIERIA
_PP06
_0COMPRA
_o.STAFF. Colección Ingeniería y Arquitectura
_d25957
980 _81
_gALBERTO SANCHEZ Responsable de Automatización